Loading...
| Science - Other Science | 0 | 4 | 1 | 1 | 35 | 84 | 116.00 | 1 | 3 |
| Fine Arts - Visual Fine Arts | 0 | 3 | 0 | 1 | 30 | 126 | 134.67 | 0 | 2 |
| Literature - American Literature | 0 | 2 | 0 | 1 | 20 | 118 | 130.50 | 0 | 2 |
| Social Science | 0 | 2 | 1 | 0 | 15 | 99 | 107.00 | 0 | 2 |
| Science - Chemistry | 0 | 2 | 2 | 1 | 10 | 103 | 115.00 | 0 | 2 |
| Social Science- Edited | 0 | 1 | 0 | 0 | 10 | 115 | 115.00 | 0 | 0 |
| History - Other History | 0 | 1 | 0 | 0 | 10 | 86 | 86.00 | 1 | 1 |
| History - World History | 0 | 1 | 0 | 0 | 10 | 123 | 123.00 | 0 | 0 |
| History - American History | 0 | 2 | 2 | 0 | 10 | 85 | 94.00 | 1 | 2 |
| Fine Arts - Other Fine Arts | 0 | 1 | 0 | 0 | 10 | 97 | 97.00 | 1 | 1 |
| Science - Biology | 0 | 3 | 5 | 0 | 5 | 74 | 95.00 | 1 | 3 |
| Philosophy | 0 | 0 | 0 | 0 | 0 | 0.00 | 0 | 0 | |
| Literature - British Literature | 0 | 0 | 0 | 0 | 0 | 0.00 | 0 | 0 | |
| Science - Physics | 0 | 1 | 2 | 0 | 0 | 121 | 121.00 | 0 | 1 |
| Literature - European Literature | 0 | 0 | 1 | 0 | -5 | 0.00 | 0 | 0 | |
| History - European History | 0 | 0 | 1 | 0 | -5 | 0.00 | 0 | 0 | |
| Fine Arts - Auditory Fine Arts | 0 | 0 | 1 | 0 | -5 | 0.00 | 0 | 0 | |
| Literature - World Literature | 0 | 0 | 1 | 0 | -5 | 0.00 | 0 | 0 | |
| Other Academic | 0 | 0 | 1 | 0 | -5 | 0.00 | 0 | 0 |